000
00319nam a2200133Ia 4500
008
100328s9999 xx 000 0 und d
082
_b
70779
100
_a
सावंत वसंत.
245
_a
वसा.
260
_b
शब्दालय.
630
_a
वसा.
730
_a
वसा.
942
_c
BOOK
999
_c
556504
_d
556501